[Event "2BLW 1920 DJK Aachen - SC Siegburg"]
[Site "?"]
[Date "2020.02.09"]
[Round "6.5"]
[White "Maly, Alexey"]
[Black "Braga, Fernando"]
[Result "1-0"]
[WhiteElo "2362"]
[BlackElo "2412"]
[PlyCount "73"]
[EventDate "2020.??.??"]

1. d4 d5 2. c4 e6 3. Nf3 Nf6 4. e3 c5 5. dxc5 Bxc5 6. a3 O-O 7. b4 Be7 8. Nbd2
a5 9. b5 b6 10. Bb2 Nbd7 11. Be2 Bb7 12. O-O Rc8 13. Rc1 Nc5 14. Qc2 dxc4 15.
Bxc4 Nfe4 16. Rfd1 Nd6 17. Be2 f6 18. Qb1 e5 19. Nc4 Qc7 20. Nxd6 Bxd6 21. Bc4+
Kh8 22. Qf5 Be4 23. Qg4 Qe7 24. Nh4 g6 25. f3 Bb7 26. Ba2 e4 27. Qg5 Nd3 28.
Rxc8 Bxc8 29. Qh6 Bf5 30. g4 Bf4 31. exf4 Qc5+ 32. Kg2 exf3+ 33. Kg3 Be4 34.
Bd4 Qd6 35. Nxf3 Re8 36. Rxd3 Bxd3 37. Ng5 1-0

[Event "2BLW 1920 DJK Aachen - SC Siegburg"]
[Site "?"]
[Date "2020.02.09"]
[Round "6.7"]
[White "Dzierzenga, Stefan"]
[Black "Dardha, Arben"]
[Result "1/2-1/2"]
[WhiteElo "2191"]
[BlackElo "2297"]
[PlyCount "52"]
[EventDate "2020.??.??"]

1. e4 c5 2. Nc3 e6 3. Nge2 Nc6 4. g3 d5 5. exd5 exd5 6. Bg2 d4 7. Nd5 Nf6 8.
Nef4 Nxd5 9. Nxd5 Be6 10. Nf4 Bf5 11. O-O Be7 12. Nd5 O-O 13. Nxe7+ Qxe7 14. d3
Rfe8 15. Bd2 Qd7 16. Re1 Ne5 17. f3 Nc6 18. Rxe8+ Rxe8 19. g4 Be6 20. Qf1 Nb4
21. Bxb4 cxb4 22. Qf2 Rc8 23. h3 g6 24. f4 a5 25. b3 Rc5 26. Re1 b5 1/2-1/2

[Event "2BLW 1920 DJK Aachen - SC Siegburg"]
[Site "?"]
[Date "2020.02.09"]
[Round "6.8"]
[White "Marcziter, Dmitrii"]
[Black "Albrecht, Oliver"]
[Result "1/2-1/2"]
[WhiteElo "2274"]
[BlackElo "2144"]
[PlyCount "56"]
[EventDate "2020.??.??"]

1. d4 Nf6 2. c4 g6 3. Nf3 Bg7 4. g3 O-O 5. Bg2 d5 6. cxd5 Nxd5 7. O-O Nb6 8.
Nc3 Nc6 9. d5 Na5 10. Nd4 e6 11. e4 c6 12. b3 cxd5 13. exd5 Nxd5 14. Nxd5 exd5
15. Ba3 Re8 16. Nb5 Bxa1 17. Qxa1 a6 18. Nd6 Re6 19. Nxc8 Rxc8 20. Rd1 d4 21.
Rxd4 Qe8 22. Rd1 Rd8 23. Rxd8 Qxd8 24. Qc3 Qd1+ 25. Bf1 Nc6 26. Bb2 f6 27. Qc4
Kf7 28. Kg2 b5 1/2-1/2

[Event "2BLW 1920 TSV Schott Mainz - Duesseldor"]
[Site "?"]
[Date "2020.02.09"]
[Round "6.1"]
[White "Berelowitsch, Alexander"]
[Black "Lobron, Eric"]
[Result "1/2-1/2"]
[WhiteElo "2511"]
[BlackElo "2501"]
[PlyCount "35"]
[EventDate "2020.??.??"]

1. e4 e6 2. d4 d5 3. Nd2 dxe4 4. Nxe4 Nd7 5. Nf3 Ngf6 6. Bd3 Nxe4 7. Bxe4 Nf6
8. Bg5 Be7 9. Bxf6 gxf6 10. Qe2 Qd6 11. O-O-O Bd7 12. Rhe1 O-O-O 13. d5 Qf4+
14. Kb1 f5 15. dxe6 Bxe6 16. Bxb7+ Kxb7 17. Qb5+ Ka8 18. Qc6+ 1/2-1/2

[Event "2BLW 1920 TSV Schott Mainz - Duesseldor"]
[Site "?"]
[Date "2020.02.09"]
[Round "6.2"]
[White "Krivonosov, Oleg"]
[Black "Orlov, Andrey"]
[Result "0-1"]
[WhiteElo "2395"]
[BlackElo "2506"]
[PlyCount "130"]
[EventDate "2020.??.??"]

1. Nf3 c5 2. c4 g6 3. d4 Bg7 4. e4 cxd4 5. Nxd4 Nc6 6. Be3 Nf6 7. Nc3 O-O 8.
Be2 d6 9. O-O Bd7 10. Qd2 Nxd4 11. Bxd4 Be6 12. f3 a5 13. b3 Nd7 14. Bxg7 Kxg7
15. Qd4+ f6 16. Rac1 Qb6 17. Qxb6 Nxb6 18. Nd5 Bxd5 19. cxd5 Rac8 20. Bd3 f5
21. exf5 Nxd5 22. fxg6 hxg6 23. Bc4 Nb6 24. Rfe1 Nxc4 25. bxc4 Kf6 26. Rb1 Rxc4
27. Rxb7 e5 28. Rb5 Ra4 29. Re2 Rc8 30. Kf2 Ke6 31. Rd2 Rcc4 32. Ke2 g5 33.
Rbd5 Rc6 34. h3 Ra6 35. Rb5 Rb4 36. Rb2 Rxb2+ 37. Rxb2 Rc6 38. Kd3 Rc1 39. Rb5
Rg1 40. g4 Rd1+ 41. Ke3 Rd5 42. Rb8 Rd4 43. Rg8 Kf6 44. Rb8 Kf7 45. Rh8 Kg6 46.
h4 gxh4 47. Rxh4 Ra4 48. Rh2 Kf6 49. Rd2 Ke6 50. Rb2 Ra3+ 51. Kf2 a4 52. Re2 d5
53. Rb2 d4 54. Rb6+ Kf7 55. g5 Rxa2+ 56. Kg3 a3 57. Kg4 Rg2+ 58. Kf5 a2 59.
Rb7+ Ke8 60. Ra7 d3 61. Ke6 Kd8 62. Ra8+ Kc7 63. Ra3 Kc6 64. Kxe5 d2 65. Rxa2
Re2+ 0-1

[Event "2BLW 1920 TSV Schott Mainz - Duesseldor"]
[Site "?"]
[Date "2020.02.09"]
[Round "6.3"]
[White "Vaisser, Anatoly"]
[Black "Balcerak, Jakob"]
[Result "1/2-1/2"]
[WhiteElo "2495"]
[BlackElo "2475"]
[PlyCount "69"]
[EventDate "2020.??.??"]

1. d4 d5 2. c4 c6 3. cxd5 cxd5 4. Bf4 Nc6 5. e3 Nf6 6. Nc3 Bg4 7. Qb3 Na5 8.
Qa4+ Bd7 9. Qc2 e6 10. Bd3 Nc6 11. Qe2 Be7 12. h3 Qa5 13. Nf3 Ne4 14. Bxe4 dxe4
15. Nd2 Nb4 16. Nc4 Qa6 17. Nxe4 O-O 18. O-O Bb5 19. b3 Rac8 20. Rfc1 Nd5 21.
a4 Nxf4 22. exf4 Bd7 23. Qe3 b6 24. Ncd6 Rc6 25. Rxc6 Bxc6 26. Rc1 Bd5 27. Nb5
Rc8 28. Nc7 Qb7 29. Nxd5 Rxc1+ 30. Qxc1 Qxd5 31. Qc8+ Bf8 32. Ng5 Qxd4 33. Qc2
Qa1+ 34. Kh2 Qf6 35. Ne4 1/2-1/2

[Event "2BLW 1920 TSV Schott Mainz - Duesseldor"]
[Site "?"]
[Date "2020.02.09"]
[Round "6.4"]
[White "Cicak, Slavko"]
[Black "Stark, Lars"]
[Result "1/2-1/2"]
[WhiteElo "2483"]
[BlackElo "2380"]
[PlyCount "127"]
[EventDate "2020.??.??"]

1. e4 e6 2. Nf3 d5 3. e5 c5 4. c3 Nc6 5. Na3 Nge7 6. d4 Nf5 7. Nc2 cxd4 8. cxd4
Qb6 9. Bd3 Bd7 10. O-O a5 11. Bxf5 exf5 12. Ng5 Be6 13. Nh3 h6 14. Nf4 Be7 15.
Qh5 g6 16. Qd1 Rd8 17. Kh1 Bg5 18. Ne2 Kf8 19. b3 Be7 20. Be3 Kg7 21. Nf4 g5
22. Nh5+ Kg6 23. g4 fxg4 24. f4 gxf3 25. Qxf3 Nxe5 26. dxe5 d4 27. Bxd4 Qc7 28.
Qe2 Qc6+ 29. Kg1 Rxd4 30. Nxd4 Qb6 31. Nf4+ gxf4 32. Qe4+ Kg7 33. Kh1 Bg5 34.
Rg1 Rd8 35. Rad1 Rxd4 36. Rxd4 Bf5 37. Qxf5 Qxd4 38. h4 f3 39. Qg4 Qd5 40. Rf1
f2+ 41. Qg2 Qxg2+ 42. Kxg2 Be3 43. h5 Kf8 44. Rd1 Bc5 45. Rd7 b6 46. Kf1 Kg8
47. Ke2 Kf8 48. Rd3 Ke7 49. Rf3 Ke6 50. Rf6+ Kxe5 51. Rxh6 Kf5 52. Rc6 f6 53.
h6 Kg6 54. h7 Kxh7 55. Rxf6 Kg7 56. Rf4 Kg6 57. Ra4 Bb4 58. Kxf2 Kf5 59. Ke3
Ke5 60. a3 b5 61. Rxb4 axb4 62. axb4 Kd5 63. Kd3 Ke5 64. Ke3 1/2-1/2

[Event "2BLW 1920 TSV Schott Mainz - Duesseldor"]
[Site "?"]
[Date "2020.02.09"]
[Round "6.5"]
[White "De Gleria, Francesco"]
[Black "Goebel, Constantin"]
[Result "1-0"]
[WhiteElo "2380"]
[BlackElo "2271"]
[PlyCount "147"]
[EventDate "2020.??.??"]

1. e4 c5 2. Nf3 Nc6 3. d4 cxd4 4. Nxd4 e5 5. Nb5 d6 6. N1c3 a6 7. Na3 Be7 8. g3
b5 9. Nd5 Nf6 10. Bg2 O-O 11. O-O Nxd5 12. exd5 Nb8 13. c4 Nd7 14. cxb5 axb5
15. Nc2 f5 16. Nb4 Bf6 17. Nc6 Qe8 18. Re1 Qf7 19. Bd2 Nb6 20. Bb4 e4 21. Bxd6
Re8 22. Bf1 Ba6 23. Qb3 Nc4 24. Bf4 Nxb2 25. d6 Nc4 26. Rad1 Rec8 27. Nd4 g5
28. Bc1 Bxd4 29. Rxd4 Ne5 30. Bg2 Rc4 31. Rdd1 h6 32. Bb2 Nd7 33. Ba1 Rac8 34.
f3 Rc2 35. fxe4 Qxb3 36. axb3 Bb7 37. Bh1 fxe4 38. Bxe4 Bxe4 39. Rxe4 Rc1 40.
Rde1 R8c6 41. Re8+ Kf7 42. R8e7+ Kg6 43. Rxc1 Rxc1+ 44. Kf2 Rxa1 45. Rxd7 Rd1
46. Ke2 Rd5 47. Rd8 Kf7 48. d7 Ke7 49. Rh8 Kxd7 50. Rxh6 Rd4 51. Rh5 Rb4 52.
Rxg5 Rxb3 53. h4 Ke6 54. h5 Kf6 55. Rg6+ Kf7 56. Kf2 b4 57. Rb6 Rb1 58. g4 b3
59. Kg2 b2 60. Kh2 Kg7 61. g5 Kg8 62. Rb7 Kh8 63. h6 Rc1 64. Rxb2 Rc5 65. Rg2
Kh7 66. g6+ Kg8 67. Rg3 Rb5 68. Ra3 Rb8 69. Kg3 Rc8 70. Re3 Rb8 71. Kg4 Rc8 72.
Re5 Ra8 73. Kg5 Rf8 74. h7+ 1-0

[Event "2BLW 1920 TSV Schott Mainz - Duesseldor"]
[Site "?"]
[Date "2020.02.09"]
[Round "6.6"]
[White "Mueller, Marco"]
[Black "Coenen, Michael"]
[Result "0-1"]
[WhiteElo "2225"]
[BlackElo "2360"]
[PlyCount "122"]
[EventDate "2020.??.??"]

1. c4 e6 2. Nf3 Nf6 3. g3 d5 4. Bg2 Be7 5. O-O O-O 6. b3 b6 7. Bb2 c5 8. e3 Nc6
9. Nc3 Ba6 10. Qe2 Rc8 11. d3 Qc7 12. Rfd1 Rfd8 13. Nb5 Qb8 14. Rac1 Bb7 15.
Nh4 a6 16. Nc3 d4 17. Nb1 Ne8 18. Nf3 Bf6 19. e4 e5 20. Rf1 Ne7 21. Bh3 Rc6 22.
Rcd1 Ng6 23. Bc1 h6 24. Ne1 Bc8 25. Bxc8 Rdxc8 26. Kh1 b5 27. Na3 Bg5 28. Bxg5
hxg5 29. Qh5 Qb6 30. Qxg5 Qa5 31. Qc1 b4 32. Nb1 Qxa2 33. Nd2 Nd6 34. Qa1 Qxa1
35. Rxa1 Ra8 36. Ng2 a5 37. Ra2 Rca6 38. Rfa1 Kf8 39. Kg1 Ke7 40. Kf1 Nf8 41.
f4 Nd7 42. Nf3 f6 43. fxe5 fxe5 44. Ngh4 Nb7 45. Nf5+ Kf8 46. h4 Nd8 47. Ke2
Nc6 48. Ng5 Nd8 49. Kd2 g6 50. Nh6 Nf6 51. g4 Kg7 52. Nf3 Nc6 53. g5 Rf8 54.
Rf1 Nh5 55. Rf2 Rf4 56. Kd1 Ra8 57. Ke1 Raf8 58. Nh2 Rxf2 59. Rxf2 Rxf2 60.
Kxf2 Nf4 61. Ke1 Nxd3+ 0-1

[Event "2BLW 1920 TSV Schott Mainz - Duesseldor"]
[Site "?"]
[Date "2020.02.09"]
[Round "6.7"]
[White "Hainke, Guntram"]
[Black "Gohil, Harry"]
[Result "0-1"]
[WhiteElo "2318"]
[BlackElo "2247"]
[PlyCount "148"]
[EventDate "2020.??.??"]

1. d4 Nf6 2. c4 g6 3. Nc3 Bg7 4. e4 O-O 5. Be2 d6 6. Bg5 c5 7. d5 b5 8. cxb5 a6
9. a4 h6 10. Bf4 Qa5 11. Bd2 axb5 12. Bxb5 Ba6 13. Nge2 Nbd7 14. O-O Qb6 15.
Qc2 Ne5 16. b3 Rfc8 17. h3 Ne8 18. Bxa6 Qxa6 19. Nb5 Nc7 20. Nec3 Nd7 21. Nxc7
Rxc7 22. Nb5 Rcc8 23. Bc3 Bxc3 24. Qxc3 Qa5 25. Rfc1 Qxc3 26. Rxc3 Rcb8 27. Rd1
Ra6 28. f4 f6 29. Kf2 Kf7 30. Rdd3 Rab6 31. Ke3 f5 32. g4 fxe4 33. Kxe4 R6b7
34. Kf3 g5 35. Rc4 Nf6 36. Kg3 Ne8 37. Rf3 Kg7 38. fxg5 hxg5 39. Rf5 Kg6 40.
Re4 Ng7 41. Rf3 Rd7 42. Kf2 Rh8 43. Ke2 Ne8 44. Re6+ Kg7 45. Rf5 Rxh3 46. Rxg5+
Kf7 47. Rf5+ Kg7 48. Rg5+ Kf7 49. Rf5+ Kg7 50. Re3 Rh2+ 51. Kd3 Nf6 52. Re6
Rh3+ 53. Kc2 Rh2+ 54. Kc3 Rh3+ 55. Kb2 Rg3 56. g5 Nh7 57. g6 Rxg6 58. Rf2 Nf6
59. Nc3 Rb7 60. Kc2 Rg4 61. Nb5 Nxd5 62. Rd2 Nb4+ 63. Kb2 Nc6 64. Re3 Ne5 65.
Rh2 Rb6 66. Reh3 c4 67. Rh7+ Kf8 68. bxc4 Nxc4+ 69. Kc3 Ne5 70. Rh8+ Kf7 71.
R8h7+ Ke8 72. Nc7+ Kd8 73. Nd5 Rc4+ 74. Kd2 Rd4+ 0-1

[Event "2BLW 1920 TSV Schott Mainz - Duesseldor"]
[Site "?"]
[Date "2020.02.09"]
[Round "6.8"]
[White "Siebenhaar, Erich"]
[Black "Agrest, Inna"]
[Result "1-0"]
[WhiteElo "2021"]
[BlackElo "2279"]
[PlyCount "127"]
[EventDate "2020.??.??"]

1. d4 Nf6 2. Nf3 g6 3. b3 Bg7 4. Bb2 O-O 5. Nbd2 d6 6. h3 Nbd7 7. e4 c5 8. Bd3
cxd4 9. Bxd4 e5 10. Bb2 d5 11. O-O Nc5 12. Re1 dxe4 13. Nxe4 Ncxe4 14. Bxe4
Nxe4 15. Rxe4 Bf5 16. Rc4 Qe7 17. a4 Rfd8 18. Qe2 Rac8 19. Rxc8 Rxc8 20. Ne1
Qc5 21. g4 Be6 22. Qb5 Qc7 23. Rd1 a6 24. Qe2 Qc5 25. Qe3 Qxe3 26. fxe3 h5 27.
gxh5 gxh5 28. Kg2 f6 29. e4 Bh6 30. c4 Kf7 31. Rd3 Bf4 32. Rf3 Rg8+ 33. Kf2 h4
34. Nd3 Bg3+ 35. Ke3 Rg5 36. Nf2 Bf4+ 37. Ke2 Rg1 38. Nd3 Rg2+ 39. Kf1 Rg5 40.
Nxf4 exf4 41. Rxf4 Bxh3+ 42. Ke1 Rg1+ 43. Kd2 Rg2+ 44. Kc1 Bg4 45. Rxf6+ Ke8
46. Rh6 h3 47. Be5 Re2 48. Bd6 Rxe4 49. Kb2 Kd7 50. c5 Bf5 51. Rh5 Ke6 52. Kc3
Re3+ 53. Kc4 Kf6 54. b4 Ra3 55. a5 Be6+ 56. Kd4 Rb3 57. c6 bxc6 58. Kc5 Bd5 59.
Kb6 Ke6 60. Rh6+ Kd7 61. Kxa6 Be6 62. Bc5 Rb2 63. Rh7+ Kc8 64. Bd6 1-0

[Event "2BLW 1920 SG Solingen II - SG Porz"]
[Site "?"]
[Date "2020.02.09"]
[Round "6.1"]
[White "Van den Doel, Erik"]
[Black "Jussupow, Artur"]
[Result "1/2-1/2"]
[WhiteElo "2583"]
[BlackElo "2560"]
[PlyCount "34"]
[EventDate "2020.??.??"]

1. e4 e5 2. Nf3 Nf6 3. Nxe5 d6 4. Nf3 Nxe4 5. d3 Nf6 6. d4 Be7 7. Bd3 O-O 8.
O-O Bg4 9. Re1 Re8 10. h3 Bh5 11. c4 c6 12. Nc3 Na6 13. Be3 d5 14. c5 Nc7 15.
b4 Bf8 16. Be2 Ne4 17. Qb3 Nxc3 {(=)} 1/2-1/2

[Event "2BLW 1920 SG Solingen II - SG Porz"]
[Site "?"]
[Date "2020.02.09"]
[Round "6.2"]
[White "Wegerle, Joerg"]
[Black "Lutz, Christopher"]
[Result "1/2-1/2"]
[WhiteElo "2405"]
[BlackElo "2541"]
[PlyCount "41"]
[EventDate "2020.??.??"]

1. d4 Nf6 2. Bg5 e6 3. e4 h6 4. Bxf6 Qxf6 5. c3 d5 6. Bd3 c5 7. Nf3 dxe4 8.
Bxe4 Nd7 9. O-O Be7 10. Nbd2 O-O 11. Nc4 Rd8 12. Qe2 cxd4 13. cxd4 Rb8 14. Rfd1
Nf8 15. Nfe5 g6 16. Rd3 Qg7 17. Rad1 f5 18. Bf3 Bf6 19. a4 Bd7 20. b3 Be8 21.
d5 {(=)} 1/2-1/2

[Event "2BLW 1920 SG Solingen II - SG Porz"]
[Site "?"]
[Date "2020.02.09"]
[Round "6.3"]
[White "Rotstein, Arkadij"]
[Black "Schlecht, Daniel"]
[Result "1/2-1/2"]
[WhiteElo "2457"]
[BlackElo "2375"]
[PlyCount "110"]
[EventDate "2020.??.??"]

1. Nf3 d5 2. e3 Nf6 3. c4 c6 4. Nc3 e6 5. b3 Bd6 6. Bb2 O-O 7. Be2 e5 8. cxd5
cxd5 9. Nb5 Nc6 10. Nxd6 Qxd6 11. d4 e4 12. Ne5 Nd7 13. Nxc6 Qxc6 14. O-O Nf6
15. Ba3 Re8 16. Qc1 Bd7 17. Qxc6 Bxc6 18. Bd6 Rac8 19. Rfc1 Bd7 20. h3 a6 21.
a4 Rxc1+ 22. Rxc1 Rc8 23. Rc5 Bc6 24. Kf1 Nd7 25. Rc1 Nf8 26. Ke1 Ne6 27. Kd2
f6 28. f3 exf3 29. gxf3 Kf7 30. h4 g6 31. Bd3 h5 32. Rg1 Rg8 33. Kc3 g5 34.
hxg5 Rxg5 35. Rh1 Ng7 36. Bf1 Bd7 37. Bf4 Rg6 38. Kb4 Bc6 39. Ka5 Ne6 40. Rxh5
Nxf4 41. exf4 Rg1 42. Bh3 Rd1 43. Bc8 Kg7 44. Kb6 Rxd4 45. Bxb7 Bxb7 46. Kxb7
Kg6 47. Rh1 Rb4+ 48. Kxa6 Rxb3 49. Rd1 Rxf3 50. Rd4 Kf5 51. a5 Rxf4 52. Rxd5+
Kg4 53. Kb5 f5 54. a6 Re4 55. a7 Re8 1/2-1/2

[Event "2BLW 1920 SG Solingen II - SG Porz"]
[Site "?"]
[Date "2020.02.09"]
[Round "6.5"]
[White "Suvorov, Alexander"]
[Black "Hobusch, Jan"]
[Result "0-1"]
[WhiteElo "2318"]
[BlackElo "2229"]
[PlyCount "120"]
[EventDate "2020.??.??"]

1. d4 d5 2. c4 dxc4 3. Nf3 a6 4. a4 Nc6 5. e3 Na5 6. Nbd2 Be6 7. Ng5 Bd5 8. e4
e6 9. h4 h6 10. Ngf3 Bc6 11. Be2 Bb4 12. O-O Bxd2 13. Bxd2 Nb3 14. Ra3 Nxd2 15.
Qxd2 Bxe4 16. Bxc4 Nf6 17. Rd1 Bd5 18. Be2 O-O 19. Qf4 Bxf3 20. Bxf3 c6 21. a5
Qb8 22. Qe3 Rd8 23. g3 Qc7 24. Raa1 Rd7 25. Kg2 Rad8 26. Qc3 Nd5 27. Qc4 Ne7
28. Bg4 Rd5 29. b4 Qd6 30. Rab1 h5 31. Bf3 Rb5 32. Be4 Nd5 33. Bf3 g6 34. Rb2
Nxb4 35. Rdd2 Nd5 36. Qc1 Kg7 37. Re2 Rd7 38. Qa1 Nf6 39. Rxb5 axb5 40. a6 bxa6
41. Qxa6 Nd5 42. Qa8 Rd8 43. Qb7 Qd7 44. Qa6 Rb8 45. Re5 b4 46. Qe2 Nf6 47. Qb2
Qd6 48. Rc5 Nd5 49. Qb3 Kg8 50. Rc4 Rb6 51. Kh2 Qb8 52. Kg2 Qd6 53. Kh2 Ne7 54.
Kg2 Nf5 55. Qb2 b3 56. Ra4 Rb8 57. Rc4 Rb4 58. Rxb4 Qxb4 59. Bxc6 Qc4 60. Bf3
Qc2 0-1

[Event "2BLW 1920 SG Solingen II - SG Porz"]
[Site "?"]
[Date "2020.02.09"]
[Round "6.6"]
[White "Berg, Michael"]
[Black "Braun, Christian"]
[Result "0-1"]
[WhiteElo "2310"]
[BlackElo "2405"]
[PlyCount "100"]
[EventDate "2020.??.??"]

1. d4 d6 2. Nf3 Nf6 3. c4 g6 4. Nc3 Bg7 5. e4 O-O 6. Be2 e5 7. O-O Nbd7 8. Qc2
c6 9. Rd1 Qe7 10. b3 Re8 11. d5 c5 12. Ne1 h5 13. a3 h4 14. Bg5 h3 15. g4 Qf8
16. Qd3 Nh7 17. Bd2 f5 18. Qxh3 fxg4 19. Bxg4 Ndf6 20. Be6+ Kh8 21. Ng2 Nh5 22.
Nh4 Qf6 23. Kh1 Rxe6 24. dxe6 Bxe6 25. Nf5 Nf4 26. Bxf4 exf4 27. Rac1 Qe5 28.
Nxd6 Bxh3 29. Nf7+ Kg8 30. Nxe5 Bxe5 31. Rd3 Be6 32. Rcd1 Kf7 33. Kg2 Nf6 34.
f3 g5 35. h3 Rh8 36. Rh1 Bxc3 37. Rxc3 Rd8 38. Rc2 Rd3 39. Rb2 Nd7 40. h4 g4
41. fxg4 Rg3+ 42. Kf1 Ne5 43. Rf2 Nd3 44. Rd2 Bxg4 45. h5 Re3 46. Rh4 Bf3 47.
Rxd3 Rxd3 48. Rxf4+ Kg7 49. b4 Bxh5 50. Rf5 Rf3+ 0-1

[Event "2BLW 1920 SG Solingen II - SG Porz"]
[Site "?"]
[Date "2020.02.09"]
[Round "6.7"]
[White "Korotkjevich, Stanislav"]
[Black "Peschel, Andreas"]
[Result "1/2-1/2"]
[WhiteElo "2374"]
[BlackElo "2158"]
[PlyCount "68"]
[EventDate "2020.??.??"]

1. d4 d5 2. Bf4 Nf6 3. e3 c5 4. c3 e6 5. Nd2 Nc6 6. Bb5 Bd6 7. Bg3 O-O 8. Ngf3
Bxg3 9. hxg3 Qd6 10. Qa4 Bd7 11. Qa3 b6 12. Nb3 Ne7 13. Bd3 Rfc8 14. Ne5 Ng6
15. f4 Qc7 16. Ba6 Re8 17. Nd2 Nf8 18. g4 Red8 19. g5 Ne4 20. Nxe4 dxe4 21.
O-O-O Be8 22. dxc5 Rd5 23. Rxd5 exd5 24. Rd1 Rd8 25. c4 Ne6 26. cxd5 Nxc5 27.
Kb1 Nxa6 28. Qxa6 Qc5 29. Rc1 Qxe3 30. Qxa7 Qd4 31. Nc6 Qd3+ 32. Rc2 Qd1+ 33.
Rc1 Qd3+ 34. Rc2 Qd1+ 1/2-1/2

[Event "2BLW 1920 SG Solingen II - SG Porz"]
[Site "?"]
[Date "2020.02.09"]
[Round "6.8"]
[White "Bashylina, Luisa"]
[Black "Pauly, Carlo"]
[Result "0-1"]
[WhiteElo "1917"]
[BlackElo "2269"]
[PlyCount "100"]
[EventDate "2020.??.??"]

1. e4 c5 2. Nf3 d6 3. d4 cxd4 4. Qxd4 e5 5. Bb5+ Nd7 6. Qd3 a6 7. Bxd7+ Bxd7 8.
Nc3 Rc8 9. a4 h6 10. Be3 Nf6 11. h3 Be6 12. Qd2 Bc4 13. b3 Be6 14. Qd3 Qc7 15.
Bd2 Be7 16. O-O O-O 17. Rac1 Rfd8 18. Qe2 d5 19. exd5 Nxd5 20. Nxd5 Bxd5 21.
Nxe5 Ba3 22. c4 Bxc1 23. Bxc1 Be6 24. Bb2 Qd6 25. Bc3 f6 26. Ng6 Re8 27. Rd1
Qb6 28. Qc2 Rcd8 29. a5 Qc7 30. Bd4 Bf7 31. Bb6 Rxd1+ 32. Qxd1 Qc6 33. Nf4 Qe4
34. Be3 Qf5 35. Qd2 Qb1+ 36. Kh2 Qxb3 37. c5 g5 38. Ne2 Qa2 39. Nd4 Qxd2 40.
Bxd2 Rc8 41. Bb4 Bg6 42. Kg3 Kf7 43. f3 Bb1 44. Kf2 Rd8 45. Ke3 f5 46. Ne2 Rd3+
47. Kf2 Rb3 48. Be1 f4 49. h4 Rb2 50. Bc3 Rb5 0-1

[Event "2BLW 1920 SC Remagen Sinzig - Bochumer "]
[Site "?"]
[Date "2020.02.09"]
[Round "6.2"]
[White "Popovic, Petar"]
[Black "Zatonskih, Anna"]
[Result "1/2-1/2"]
[WhiteElo "2427"]
[BlackElo "2425"]
[PlyCount "31"]
[EventDate "2020.??.??"]

1. e4 e5 2. Nf3 Nf6 3. Nc3 Nc6 4. Bb5 Bb4 5. O-O O-O 6. d3 d6 7. Ne2 Ne7 8. c3
Ba5 9. Ng3 c6 10. Ba4 Ng6 11. d4 Re8 12. Bb3 h6 13. h3 exd4 14. Nxd4 d5 15.
exd5 Nxd5 16. Re1 {(=)} 1/2-1/2

[Event "2BLW 1920 SC Remagen Sinzig - Bochumer "]
[Site "?"]
[Date "2020.02.09"]
[Round "6.4"]
[White "Petrisor, Adrian-Marian"]
[Black "Jellinghaus, Lars"]
[Result "1-0"]
[WhiteElo "2400"]
[BlackElo "2232"]
[PlyCount "69"]
[EventDate "2020.??.??"]

1. e4 e6 2. f4 d5 3. e5 c5 4. Nf3 Nc6 5. c3 Nh6 6. Na3 f5 7. Nc2 Bd7 8. d4 Rc8
9. Be2 Be7 10. O-O O-O 11. Kh1 cxd4 12. Nfxd4 g5 13. Nxc6 bxc6 14. Ba6 Rb8 15.
b4 Nf7 16. Nd4 Kh8 17. Qe2 c5 18. bxc5 Bxc5 19. Be3 Qe7 20. Rab1 gxf4 21. Bxf4
Ng5 22. Rxb8 Rxb8 23. Nxf5 exf5 24. e6 Ne4 25. Bxb8 Qxe6 26. Bd3 h6 27. Bf4 Kh7
28. Bxe4 dxe4 29. h3 Bc6 30. Be3 Bd6 31. Qh5 Bd7 32. Rd1 Bb8 33. Bxh6 Be8 34.
Qh4 Kg6 35. Qg5+ 1-0

[Event "2BLW 1920 SC Remagen Sinzig - Bochumer "]
[Site "?"]
[Date "2020.02.09"]
[Round "6.5"]
[White "Kiese, Matthias"]
[Black "Mainka, Romuald"]
[Result "1/2-1/2"]
[WhiteElo "2198"]
[BlackElo "2392"]
[PlyCount "58"]
[EventDate "2020.??.??"]

1. d4 Nf6 2. Nf3 e6 3. Bg5 h6 4. Bxf6 Qxf6 5. Nbd2 d6 6. c3 Nd7 7. g3 Qe7 8.
Bg2 g6 9. a4 a5 10. Nc4 Bg7 11. Qc2 O-O 12. O-O e5 13. e4 exd4 14. Nxd4 Ne5 15.
Ne3 Qd8 16. Rad1 Re8 17. h3 c6 18. Rd2 Nd7 19. Rfd1 Nb6 20. Ne2 Bf8 21. Nf4 Qc7
22. Qb3 Kg7 23. h4 h5 24. c4 Be6 25. Qc3+ Kh7 26. b3 Bg7 27. Qc2 Bf8 28. Qc3
Bg7 29. Qc2 Bf8 1/2-1/2

[Event "2BLW 1920 SC Remagen Sinzig - Bochumer "]
[Site "?"]
[Date "2020.02.09"]
[Round "6.6"]
[White "Geirnaert, Steven"]
[Black "Pewny, Uwe"]
[Result "1-0"]
[WhiteElo "2420"]
[BlackElo "2214"]
[PlyCount "87"]
[EventDate "2020.??.??"]

1. d4 Nf6 2. c4 g6 3. f3 Bg7 4. e4 d6 5. Nc3 O-O 6. Be3 c5 7. Nge2 Nbd7 8. Qd2
a6 9. dxc5 dxc5 10. Rd1 Qa5 11. Nc1 b5 12. cxb5 axb5 13. Bxb5 Rb8 14. a4 Ba6
15. O-O Bxb5 16. axb5 Rfd8 17. Nb3 Qb4 18. Qc2 Rdc8 19. Ra1 Nb6 20. Bf2 Nfd7
21. Na5 Ne5 22. Rfd1 Ra8 23. Nc6 Nxc6 24. Rxa8 Rxa8 25. bxc6 Bd4 26. Nd5 Nxd5
27. exd5 Qb6 28. Bxd4 cxd4 29. Qf2 Ra4 30. Rc1 Ra8 31. h4 Rd8 32. Rc4 e5 33. d6
Qb5 34. Qc2 Qd5 35. d7 d3 36. c7 dxc2 37. cxd8=Q+ Kg7 38. Qc8 c1=Q+ 39. Rxc1
Qd4+ 40. Kf1 Qd3+ 41. Kf2 Qd2+ 42. Kg3 Qf4+ 43. Kh3 Qf5+ 44. Kh2 1-0

[Event "2BLW 1920 SC Remagen Sinzig - Bochumer "]
[Site "?"]
[Date "2020.02.09"]
[Round "6.7"]
[White "Ganzer, Uwe"]
[Black "Polaczek, Richard"]
[Result "0-1"]
[WhiteElo "2203"]
[BlackElo "2366"]
[PlyCount "56"]
[EventDate "2020.??.??"]

1. Nf3 Nf6 2. c4 e6 3. Nc3 d5 4. d4 Be7 5. Bf4 O-O 6. e3 b6 7. Rc1 c5 8. cxd5
exd5 9. Be2 Be6 10. O-O c4 11. Ne5 a6 12. a4 Bb4 13. Bf3 Ra7 14. Qc2 Qc8 15. b3
Bxc3 16. Qxc3 b5 17. Qb4 Rb7 18. Qa5 Nfd7 19. bxc4 Nxe5 20. Bxe5 Nc6 21. Qxa6
bxc4 22. Rxc4 dxc4 23. Bxc6 Rb1 24. Qxc8 Rxf1+ 25. Kxf1 Rxc8 26. Be4 Bd7 27. a5
Ba4 28. a6 c3 0-1

[Event "2BLW 1920 SC Remagen Sinzig - Bochumer "]
[Site "?"]
[Date "2020.02.09"]
[Round "6.8"]
[White "Huhndorf, Arnold"]
[Black "Hinkmann, Jens"]
[Result "0-1"]
[WhiteElo "2219"]
[BlackElo "2084"]
[PlyCount "62"]
[EventDate "2020.??.??"]

1. d4 d5 2. c4 Nc6 3. Nf3 Bg4 4. cxd5 Bxf3 5. gxf3 Qxd5 6. e3 e6 7. Nc3 Qh5 8.
Be2 g5 9. f4 Qh4 10. fxg5 O-O-O 11. Bf3 Nge7 12. b4 Bg7 13. Bd2 Nd5 14. Ne4
Ndxb4 15. Bxb4 Nxb4 16. Qa4 Nc6 17. Rb1 Bxd4 18. exd4 Rxd4 19. Qc2 Ne5 20. Bg2
Nd3+ 21. Kf1 Rhd8 22. Ng3 Rb4 23. Rxb4 Qxb4 24. Be4 Nf4 25. Qc1 Rd2 26. Bf3 Qd4
27. Qe1 Qd3+ 28. Be2 Nxe2 29. Nxe2 Rd1 30. Kg2 Rxe1 31. Rxe1 Qd5+ 0-1

[Event "2BLW 1920 SC Hansa Dortmund - SV Koblen"]
[Site "?"]
[Date "2020.02.16"]
[Round "6.1"]
[White "Schenderowitsch, Michael"]
[Black "Kuzmicz, Krystian"]
[Result "1/2-1/2"]
[WhiteElo "2341"]
[BlackElo "2464"]
[PlyCount "29"]
[EventDate "2020.??.??"]

1. d4 g6 2. c4 Bg7 3. Nf3 c5 4. d5 d6 5. e4 e6 6. Nc3 Ne7 7. h3 O-O 8. Bd3 h6
9. O-O Na6 10. Be3 Nc7 11. Qd2 g5 12. h4 g4 13. Ne1 h5 14. Bg5 f6 15. Bh6 {(=)}
1/2-1/2

[Event "2BLW 1920 SC Hansa Dortmund - SV Koblen"]
[Site "?"]
[Date "2020.02.16"]
[Round "6.2"]
[White "Klyuner, Vyacheslav"]
[Black "Fritsche, Lutz"]
[Result "1-0"]
[WhiteElo "2435"]
[BlackElo "2328"]
[PlyCount "95"]
[EventDate "2020.??.??"]

1. e4 g6 2. d4 Bg7 3. Nc3 d6 4. h4 Nf6 5. Be2 c5 6. d5 h5 7. Nh3 Nbd7 8. f3 Ne5
9. Nf2 a6 10. a4 Bd7 11. Bf4 Rb8 12. a5 b5 13. axb6 Qxb6 14. b3 a5 15. Na4 Qc7
16. Bxe5 dxe5 17. Bc4 e6 18. dxe6 Bxe6 19. Bxe6 fxe6 20. Qe2 Kf7 21. Qc4 Rhc8
22. Nd3 Nd7 23. O-O Bf6 24. f4 Ke7 25. f5 gxf5 26. exf5 Qc6 27. fxe6 Qxe6 28.
Rae1 Qxc4 29. bxc4 Bxh4 30. Re4 Bg3 31. Nc3 Rg8 32. Ra1 Kd6 33. Rxa5 Ra8 34.
Rxa8 Rxa8 35. Kf1 Ra1+ 36. Ke2 Nf6 37. Re3 h4 38. Nb5+ Ke6 39. Nxc5+ Kf7 40.
Rf3 Kg6 41. Rf1 Ra2 42. Kd2 Ng4 43. Nc3 Ra5 44. Nd3 Nf6 45. Ke3 Ng4+ 46. Ke2
Nf6 47. Nb4 Rc5 48. Rxf6+ 1-0